000 00307nam a2200109 4500
999 _c9937
_d9937
008 180723b ||||| |||| 00| 0 eng d
245 _aRecord-breaking tourist arrivals in February.
260 _aPhilippines
_bThe Philippine Star
_cc2016
300 _apage E-2.
650 0 _929344
_aTourism.
942 _2ddc
_cPER